[Event "Match 82__120'/40"]
[Site "Zürich"]
[Date "2025.??.??"]
[Round "34"]
[White "Mephisto Explorer Pro"]
[Black "Scorpio 68000 sel. 4"]
[Result "1-0"]
[Annotator "18,5-15,5 for Explorer"]
[WhiteElo "2016"]
[BlackElo "2043"]
[WhiteFideId "-1"]
[BlackFideId "-1"]
[PlyCount "78"]
[GameId "545120120385"]
[EventDate "2025.10.05"]
[EventType "match"]
[EventRounds "50"]

{[%evp 0,77,12,15,24,15,18,32767,33,26,35,33,34,32767,29,19,66,32767,32767,32767,38,41,32,0,0,32767,-16,-5,25,-9,32767,32767,37,-5,29,32767,32767,32767,154,90,131,151,221,32767,145,-34,32767,32767,32767,32767,58,75,29,60,32767,32767,173,153,257,32767,32767,295,344,274,391,32767,432,409,476,450,32767,742,595,906,1532,29980,29977,29982,29985,29982]} 1. d4 Nf6 {Match Nr. 82 mit 120'/40 | Bediener: Rolf Bühler | Kommentator: Kurt Utzinger | 34. Partie: Weiss (Mephisto Explorer Pro) gewinnt | Zwischenstand: 18,5-15,5 für Mephisto Explorer Pro | Stand hypothetisch: 22-12 für Mephisto Explorer Pro | Eröffnung: Damenindisch, Bogoljubow Variante | Buchzüge 4 (180) von Scorpio und 5 (142) von Mephisto Explorer Pro | Partieverlauf: Und wieder schlägt das holländische Programm von Frans Morsch zu, gewinnt zwar erst nach diversen verpassten Gewinnchancen, gibt seinem Gegner jedoch nie eine Möglichkeit, selbst in Vorteil zu kommen. Der Scorpio 68000 sel. 4 scheint sich in einer Krise zu befinden mit nur einem Remis aus den letzten fünf Partien.} 2. Nf3 e6 3. c4 Bb4+ 4. Bd2 Qe7 $11 {***ENDE BUCH***} 5. e3 $11 {***ENDE BUCH***} b6 6. Bd3 Bb7 7. O-O Bd6 $2 {Ein "dummer" Zug, den das Programm von David Kittinger da auspackt.} (7... Bxd2 8. Nbxd2 d6 9. e4 e5 $11 {Ausgleich}) (7... O-O 8. Nc3 c5 9. Re1 Bxc3 10. Bxc3 Ne4 11. Bxe4 Bxe4 12. Nd2 $11 {½-½ Wang,S (2413)-Wen,Y (2581) CHN-chT DivA Fuling 2023 (3.3)}) 8. a4 $6 {Auch ein komischer Zug, der die gegnerische Ungenauigkeit unbeachtet lässt. Mit 8.Sc3 oder 8.a3 hätte Weiss klaren Vorteil erhalten.} (8. Nc3 c5 9. Re1 Bxf3 10. Qxf3 Nc6 11. Rad1 Rc8 12. Qh3 a6 (12... cxd4 13. exd4 Nxd4 $2 14. Nd5 $3 $18) 13. d5 $1 Ne5 14. Be2 Ng6 15. f4 e5 16. f5 Nf8 17. e4 $18) (8. a3 O-O 9. Nc3 c5 10. Nb5 a6 11. Nxd6 Qxd6 12. Bc3 $16) 8... O-O 9. Nc3 c5 10. Re1 Nc6 11. Ne4 {Mit 11.d5 war noch etwas Vorteil zu haben.} (11. d5 Nb4 12. Qb1 Nxd3 13. Qxd3 $14) 11... Nxe4 12. Bxe4 f5 {Die Kraft des weissen Angriffsläufers wird massiv eingeschränkt.} 13. Bc2 Rab8 {Was will er da?} ({präziser} 13... a5 $11 {um das gegnerische a4-a5 zu stoppen.}) ({oder} 13... e5 $11 {aktives Zentrumsspiel, um den Gegner zu zwingen, sich zu erklären.} 14. d5 e4 15. dxc6 Bxc6 16. Nd4 cxd4 17. exd4 {mit scharfem Kampf}) 14. b3 Bc7 15. Bc3 a6 16. a5 cxd4 17. exd4 {[#]} Nxa5 $2 $18 {[%mdl 32768] Eine schlechte Wahl, die Schwarz in die ***VERLUSTZONE*** bringt gemäss Engine-Bewertung: +- (2.87) mit einer Gewinnerwartung für Weiss von 100% (+100% =0% -0%) Tiefe: 43/73.} (17... bxa5 18. d5 Nb4 19. Bd3 Qd6 20. Bf1 exd5 21. Be5 Qc5 22. Bd4 Qd6 23. Be5 Qc5 24. Bd4 Qd6 25. Be5 {Remis 3x}) 18. d5 $1 {Der erste Zug sitzt.} Rbc8 {Noch eine kleine Ungenauigkeit, die den Braten allerdings nicht viel schlechter macht.} 19. Qe2 {In dieser für unsere Oldies komplexen Stellung findet Weiss nicht die beste Antwort, die in 19.Dd2 bestand. Der weisse Vorteil reduziert sich um knapp 1.5 Bauerneinheiten, aber ist schliesslich noch immer deutlich.} Kh8 {Hier leistet 19...Dd6 mehr Widerstand.} 20. Rad1 Bf4 {Die schwarze Stellung ist nicht mehr zu retten.} 21. Rd4 Bd6 22. Bxa5 $2 $11 {Auf einen Schlag vergibt Weiss seinen ganzen Vorteil.} bxa5 23. dxe6 Bxf3 24. gxf3 {Nichts sprach auch gegen das Schlagen mit der Dame.} Rc6 $2 {Danach steht Weiss wieder besser.} (24... dxe6 25. Qxe6 Qxe6 26. Rxe6 Bb4 $11 {und Schwarz hat keine Sorgen mehr.}) 25. exd7 Qxd7 26. Rd5 $2 $11 {Erneut geht der weisse Vorteil verloren, weshalb 26.Dd3 hätte gespielt werden sollen.} Qc7 $2 $16 {Auch nicht am besten, aber Schwarz verspricht sich zu viel vom Doppelangriff auf h2.} (26... Rc5 $1 27. Red1 (27. Rxc5 Bxc5 28. Qe5 Bb4 $11) 27... Rxd5 28. Rxd5 g6 29. Qd2 (29. c5 $2 Bxh2+ $19) 29... Rd8 30. Kg2 Qe7 $11) 27. Rxf5 ({stärker} 27. Bxf5 {und falls} Bxh2+ $2 28. Kg2 Rcf6 29. Qd3 Bd6 (29... g6 $2 30. Rd7 $1 {und gewinnt}) 30. Re6 Rxe6 31. Bxe6 $18) 27... Bxh2+ 28. Kh1 {Gemäss Engine ist 28.Kf1 deutlich stärker mit einer Variante jenseits von gut und böse für unsere Oldies. Doch auch der Textzug genügt noch für den Gewinn.} ({Rems M-091224-avx2:} 28. Kf1 {+- 4.45(100%)/58} Rg8 29. Qe4 g6 30. Rh5 gxh5 31. Qd4+ Qg7 32. Re7 Rcc8 33. Rxg7 Rxg7 34. Qf6 Re8 35. Be4 Bc7 36. Qh6 Rd8 37. Qxh5 Bf4 38. Bd5 Rf8 39. Qh3 Re7 40. Qg4 Be5 41. Qg5 Bf6 42. Qh6 Rg7 43. Be4 Bd8 44. Qd6 Rfg8 45. Qe6 Bh4 46. Qf5 Bd8 47. Ke2 Ra7 48. Qe5+ Rgg7 49. Kf1 Rae7 50. Qb8 Rg8 51. Qf4 Bc7 52. Qf6+ Reg7 53. Qxa6 Rg1+ 54. Ke2 Rf8 55. Qc6 Rg7 56. Kf1 Bf4 57. Bd5 Rg5 58. Qb6 Be5 59. Qxa5 Rh5 60. Qa7 Rh1+ 61. Ke2 {[%eval 445,58] [%wdl 1000,0,0]}) {[#]} 28... Bd6 $2 $19 {[%mdl 32768] Das ***VERLIERT*** sang- und klanglos. ***FRAGE*** Ob der Mephisto Explorer Pro nach der besten Verteidigung 28...Tg8 (+- 2.08) hätte gewinnen können? Um das herauszufinden, habe ich den Saitek GK 2100, Original des Explorer Pro Clones, jeweils bis mindestens 3 Min. und mindestens Suchtiefe 8 gegen Stockfish 17.1 rechnen lassen. Dabei hat sich gezeigt, dass das Programm von Frans Morsch die Partie wie folgt zum Remis verkorksen würde:} ({Weiss: Saitek GK 2100} 28... Rg8 {Schwarz: Stockfish 17.1} 29. Qe8 $1 {+1.0, Tiefe 8-25 (Tf6)} Rf6 30. Re7 $1 {+0.7, Tiefe 8-3 (Ld6)} Bd6 31. Qh5 $1 {+0.8, Tiefe 8-2 (Th6)} Rh6 32. Rxc7 {+1.1, Tiefe 10-6 (Lxc7)} Bxc7 33. Qxh6 $1 {+1.0, Tiefe 9-1 (gxh6)} gxh6 34. Rf6 {+1.4, Tiefe 9-1 (Kg7)} (34. Rf7 {ist genauer}) 34... Kg7 35. Rc6 {+1.5, Tiefe 10-1 (Ld8)} Bd8 36. Rxa6 {+1.1, Tiefe 9-1 (Te8)} Rf8 {+1.1, Tiefe 10.1 (Txf7)} 37. Ra7+ Rf7 38. Rxf7+ $2 {1.0, Tiefe 10-1 (Kxf7)} Kxf7 $11 {und wegen der ungleichfarbigen Läufer kann Weiss dieses Läuferendspiel nicht gewinnen. Stockfish 17.1 Bewertung: = (0.00) (50% +0% =99% -0%) Tiefe: 83/13}) 29. Rh5 {Der Gewinnzug, vom Mephisto Explorer Pro mit leichter Hand gespielt.} Bb4 ({oder} 29... h6 $2 30. Qe4 g5 31. Rxh6+ Kg8 32. Qe6+ Rf7 33. Rg6+ Kh8 34. Qh3+ Rh7 35. Re8+ Bf8 36. Rxf8#) ({oder} 29... g6 30. Bxg6) 30. Rxh7+ Kg8 31. Rg1 {Weiss in seinem Element.} Rf7 32. Qe8+ {Es wäre von einem Oldie zu viel verlangt, das Matt in 20 Zügen durch 32.De4 zu finden.} Bf8 33. Rh3 Rcf6 34. Rg4 Re7 {Nun wird Schwarz in spätestens 10 Zügen Matt. Nach der besten Verteidigung 34...Tf4 gibt es ein Matt in 22.} 35. Bh7+ Kh8 36. Bg6+ Kg8 37. Rgh4 Re1+ 38. Kg2 Rxg6+ 39. Qxg6 Qg3+ {***AUFGEGEBEN***} 1-0

[Event "Match 82__120'/40"]
[Site "Zürich"]
[Date "2025.??.??"]
[Round "35"]
[White "Scorpio 68000 sel. 4"]
[Black "Mephisto Explorer Pro"]
[Result "0-1"]
[Annotator "19,5-15,5 for Explorer"]
[WhiteElo "2043"]
[BlackElo "2016"]
[WhiteFideId "-1"]
[BlackFideId "-1"]
[PlyCount "141"]
[GameId "545120120391"]
[EventDate "2025.10.05"]
[EventType "match"]
[EventRounds "50"]

{[%evp 0,140,12,15,24,15,11,6,6,15,27,23,33,42,39,27,32,13,14,15,8,-13,-13,32767,-21,-18,19,6,21,-67,-52,-146,-132,32767,-136,-158,-162,-156,-167,-200,-198,-235,-222,-253,-217,-201,-135,-147,-145,-176,-159,-166,-168,-182,-175,-184,-183,-174,-177,-184,-168,-191,-188,32767,-203,-217,-222,-242,-238,-284,-234,-273,-241,-268,-179,-251,-266,-248,-224,-282,-208,-272,-249,32767,-268,-300,-443,-341,-413,-573,-555,-610,-660,-623,-659,-749,-717,-693,-714,-691,-776,-667,-735,-691,-690,-673,-707,-751,-681,-773,-752,-797,-802,-803,-811,-859,-854,-838,-758,-772,-803,-817,32767,32767,-904,-914,-1082,-1033,-1085,-1068,-1055,-974,-1087,-1140,-984,-1138,-1068,-1183,-1237,-1115,-1099,-1160,-1135]} 1. d4 Nf6 {Match Nr. 82 mit 120'/40 | Bediener: Rolf Bühler | Kommentator: Kurt Utzinger | 35. Partie: Schwarz (Mephisto Explorer Pro) gewinnt | Zwischenstand: 19,5-15,5 für Mephisto Explorer Pro | Stand hypothetisch: 23-12 für Mephisto Explorer Pro | Eröffnung: Damengambit ohne Sc3 | Buchzüge 3 (183) von Scorpio und 3 (145) von Mephisto Explorer Pro | Partieverlauf: Mit Schwarz erreicht das Programm von Frans Morsch leichten Ausgleich aus der Eröffnung. Nach dem gegnerischen Zentrumsvorstoss 12.e4 agiert das Programm aber schlecht und erlaubt dem Gegner, mit dem Vorstoss e4-e5 das Zepter zu übernehmen, nur um seinen Vorteil einen Zug später wegzuwerfen. Als dann Schwarz den vorgeschobenen Bauern e5 folgerichtig mit 14...f6 angreift, verliert der Scorpio 68000 sel. 4 den Faden und entschliesst sich für den "dummen" Damenzug nach g6. Dieser Fehlentscheid hat den Verlust des e5-Bauern bei schlechter Stellung zur Folge. Der Mephisto Explorer Pro lässt nichts mehr anbrennen und baut seinen Vorsprung auf vier (4) Punkte aus.} 2. Nf3 d5 3. Bg5 $11 {***ENDE BUCH***} Nbd7 $11 {***ENDE BUCH***} 4. e3 e6 5. c4 Bb4+ 6. Nbd2 (6. Nc3 {ist weit mehr verbreitet.} c5 $1 $11) 6... h6 $11 {Die beste Fortsetzung, was den weissen Läufer zwingt, sich zu klären.} 7. Bxf6 {Es ist nicht jedermanns Sache, freiwillig auf das Läuferpaar zu verzichten. In der Praxis hat nun Schwarz weniger Probleme zu lösen.} Qxf6 8. Be2 {Auf d3 stünde der Läufer aktiver.} c6 9. O-O O-O 10. cxd5 {Das öffnet dem Gegner freiwillig die Läuferdiagonale c8-h3, so dass Schwarz mit seiner Stellung nun mehr als zufrieden sein darf.} exd5 11. a3 Bd6 12. e4 {Im richtigen Moment. Die mehr positionelle Alternative 12.b4 geht aus der untenstehenden Partie hervor.} (12. b4 Re8 13. b5 Nf8 14. bxc6 bxc6 15. Qc2 Bf5 16. Bd3 Bxd3 17. Qxd3 Ng6 18. Rab1 Re6 19. Rb7 Nh4 20. Rfb1 a5 21. Rd7 Re7 22. Rxe7 Nxf3+ 23. Nxf3 Qxe7 {½-½ Jedynak,R (2444)-Inkiov,V (2517) Marseille op 2006 (5)}) 12... Bf4 $2 $16 {Eine falsche Wahl, die zu gegnerischem Vorteil führt.} ({besser} 12... dxe4 13. Nxe4 Qe7 14. Nxd6 Qxd6 $11) 13. e5 Qe6 $16 14. Qc2 $2 $11 {und futsch ist der weisse Vorteil.} ({besser} 14. Nb3 a5 15. a4 $16) 14... f6 $1 {Folgerichtig wird das weisse Zentrum unter Beschuss genommen.} {[#]} 15. Qg6 $2 $19 {[%mdl 32768] Und prompt greift Weiss fehl und gerät in eine schlechte und wohl hoffnungslose Stellung. Bewertung: -+ (-2.08 --) (1% +0% =2% -99%) Tiefe: 46/72} (15. exf6 Qxf6 16. Bd3 (16. Rae1 Nb6 17. Bd3 Bf5 $11 {ist Zugumstellung}) 16... Nb6 17. Rae1 Bf5 $11) 15... Qe8 $1 {Sehr gut, denn Weiss verliert nun den Bauern auf e5.} 16. Qxe8 Rxe8 17. e6 {Weiss opfert den Bauern freiwillig.} Nb6 18. Bd3 Bxe6 19. Rfe1 {Das kann nur zu weiteren und für Weiss unerwünschten Tauschaktionen auf der offenen e-Linie führen. Wer materiell im Nachteil ist, hat nur zwei Optionen: a) In komplizierten Stellungen im Trüben zu fischen und auf einen Fehler des Gegners zu hoffen, oder b) In einfachen Stellungen weiterhin strategisch/positionell zu agieren, seine Figuren optimal aufzustellen und so die Lage für den Gegner nicht einfach zu machen. Im vorliegenden Fall sollte Weiss also seine Chancen am Damenflügel nutzen mit Plänen wie z.B. Tfc1, b4, Sb3-c5(a5) usw.} Bf7 20. b4 Rxe1+ {Abtausch nützt Schwarz mehr als dem Gegner.} 21. Rxe1 Bd6 $19 {[%mdl 32768] [#] Nach dem erfolgten Turmtausch hat sich die schwarze Stellung massgeblich verbessert. Auch kann das schwarze Läuferpaar eine wichtige Rolle spielen. Objektiv betrachtet hat Schwarz bereits eine gewonnene Stellung, Bewertung: -+ (-2.68) (0% +0% =0% -100%) Tiefe: 42/69. Bei unseren Oldies kann aber noch einiges schief gehen und auch die technische Verwertung des schwarzen Vorteils ist nicht einfach.} 22. Nb3 $19 Nc8 $6 $17 {Zu passiv und einen Teil seines Vorteils verlierend.} ({deutlich besser ist} 22... Nc4 23. Ra1 a5 24. bxa5 (24. Bxc4 dxc4 25. Nxa5 b6 26. Nxc6 Bd5 27. b5 Rxa3 28. Rxa3 Bxa3 $19) 24... Nxa5 25. Nxa5 Rxa5 26. a4 b5 27. Bc2 Kf8 28. Bb3 c5 29. Ra2 (29. dxc5 Bxc5 $19) 29... c4 30. axb5 Rxa2 31. Bxa2 Bg6 32. Nd2 Ke7 33. Nxc4 dxc4 34. Bxc4 Bc7 35. f3 Bb6 36. Kf2 Bxd4+ 37. Kg3 Kd6 38. h3 Kc5 39. Be2 Be8 40. Kf4 Bxb5 $19) 23. g3 {Schränkt den Wirkungskreis des dunkelfarbigen Läufers von Schwarz ein.} b6 {Verwehrt dem Sb3 die Felder a5 und c5 und kann später allenfalls ...c5 durchsetzen.} 24. Kg2 ({Auch die Verbesserung} 24. Nh4 {strebt nach f5 oder g6 und falls} Ne7 {um dem entgegenzuhalten, folgt} 25. Nc5 Rb8 (25... bxc5 $2 26. bxc5 Nc8 27. cxd6 Nxd6 $11) 26. Nd7 Rd8 27. Nc5 Re8 $19 {vermag am schwarzen Vorteil nicht viel zu ändern.}) 24... Ne7 25. h4 Bh5 26. Re6 Rd8 27. Re3 Kf7 28. Re2 Re8 29. Re1 g6 30. Nfd2 Bg4 31. f3 Bf5 32. Bf1 {Weiss vermeidet zu Recht weiteren Abtausch und will es sich von seinem Gegner zeigen lassen.} g5 33. g4 $6 {Diese Schwächung des Feldes f4 dient nur dem Gegner.} Bc2 34. hxg5 hxg5 35. Na1 Ba4 36. Nb1 c5 37. bxc5 bxc5 38. Nc3 Ng6 39. Rc1 (39. Rxe8 Nf4+ 40. Kf2 Bxe8 $19) 39... Bf4 (39... Nf4+ 40. Kf2 Bd7 {ist noch deutlich stärker}) 40. Rb1 Bc6 41. dxc5 Nh4+ 42. Kh1 (42. Kf2 Be3+ 43. Kg3 Bxc5 $19 {vermag am Endresultat der Partie auch nichts zu ändern.}) 42... Nxf3 {Schwarzer Mehrbauer in einer total überlegenen Stellung.} 43. Nb3 Rh8+ 44. Kg2 Ne5 45. Nd4 Rh2+ 46. Kg1 Rd2 47. Nde2 Be3+ 48. Kh2 Bxc5 {zweiter Bauerngewinn für Schwarz.} 49. Rc1 Nxg4+ 50. Kg3 Ne3 51. Bh3 Bxa3 52. Ra1 Rd3 53. Kh2 Bd6+ 54. Kg1 Bc5 55. Na4 Bxa4 56. Rxa4 g4 57. Bxg4 ({oder} 57. Bg2 Rd2 58. Bf1 Rd1 59. Ng3 Nxf1+ $19) 57... Nxg4+ {Der Rest ist Schweigen.} 58. Kg2 f5 59. Nf4 Rd2+ 60. Kg3 Nf2 61. Ra1 Ne4+ 62. Kh3 Bd6 63. Rxa7+ Ke8 64. Ra8+ Ke7 65. Ra7+ Kd8 66. Ra8+ Kd7 67. Ra7+ Kc8 68. Ng2 Ng5+ 69. Kh4 Rxg2 70. Ra8+ Kb7 71. Rd8 {***AUFGEGEBEN***} 0-1

[Event "Match 82__120'/40"]
[Site "Zürich"]
[Date "2025.??.??"]
[Round "36"]
[White "Mephisto Explorer Pro"]
[Black "Scorpio 68000 sel. 4"]
[Result "1-0"]
[Annotator "20,5-15,5 for Explorer"]
[WhiteElo "2016"]
[BlackElo "2043"]
[WhiteFideId "-1"]
[BlackFideId "-1"]
[PlyCount "74"]
[GameId "545686508828"]
[EventDate "2025.10.05"]
[EventType "match"]
[EventRounds "50"]

{[%evp 0,73,18,15,24,18,22,19,44,14,2,5,0,32767,62,58,49,32767,32767,32767,112,111,105,90,97,32767,99,98,169,139,32767,32767,203,175,194,185,222,239,285,270,510,520,584,632,637,608,32767,653,723,728,764,742,782,757,859,810,828,879,917,865,907,800,835,835,890,890,891,909,1117,1121,1336,1166,1429,1404,1403,1481]} 1. d4 Nf6 {Match Nr. 82 mit 120'/40 | Bediener: Rolf Bühler | Kommentator: Kurt Utzinger | 36. Partie: Weiss (Mephisto Explorer Pro) gewinnt | Zwischenstand: 20,5-15,5 für Mephisto Explorer Pro | Stand hypothetisch: 24-12 für Mephisto Explorer Pro | Eröffnung: Englisch, Symmetrische Variante, Zweispringer | Buchzüge 5 (188) von Scorpio und 4 (149) von Mephisto Explorer Pro | Partieverlauf: Durch einen positionell nicht gerechtfertigten Läufertausch auf c3 bekommt Schwarz böse Löcher auf der gegnerischen Läuferdiagonale a3-f8 und vor allem dem Feld d6, wo sich bald ein weisser Springer einnistet. Der Scorpio 68000 sel. 4 verzichtet dann auch noch auf die kurze Rochade. Und nach weiteren Ungenauigkeiten seitens Schwarz in der komplexen Stellung übernimmt der Mephisto Explorer Pro vollumfänglich das Zepter. Der schliessliche Sieg ist aber wohlverdient.} 2. c4 e6 3. Nc3 c5 4. Nf3 $11 {***ENDE BUCH***} cxd4 5. Nxd4 {Diese Stellung lässt sich auch über die Zugfolge 1.c4 c5 2.Sc3 Sf6 3.Sf3 e6 4.d4 cxd4 5.Sxd4 erreichen.} Bb4 $11 {***ENDE BUCH***} 6. e3 {[#]} Bxc3+ $2 {In keiner Datenbank habe ich einen Spieler über 1900 Elo gefunden, der diesen Tausch vollzieht. Schwarz tauscht ohne Not den Springer auf c3 und gibt dem Gegner das starke Läuferpaar. Die Schwächung der weissen Bauernstruktur, d.h. isolierter Doppelbauer auf der c-Linie, bietet keine genügende Kompensation. Zu beachten ist dabei auch der Umstand, dass die Diagonale a3-f8 und das Feld d6 von Schwarz arg geschwächt sind. Die Engine sieht sich nach 7.bxc3 bereits mit +/- 1.09(79%)/44 im Vorteil.} 7. bxc3 Nc6 8. Nb5 ({noch stärker} 8. Ba3 {droht tödlich Sb5} a6 (8... Nxd4 $2 9. Qxd4 $18) 9. f3 Ne7 10. e4 {und Schwarz hat die Qual der Wahl zwischen verschiedenen unbefriedigenden Fortsetzungen:} e5 {Das schwächt zusätzlich noch das Feld d5 und macht den schwarzen d-Bauern für alle Zeit rückständig.} ({oder} 10... O-O {wonach die schwarzen Figuren zurückgeworfen werden, und nach} 11. e5 Ne8 12. Bd3 $1 f5 ({aber nicht} 12... f6 $2 13. Bxh7+ $1 ({oder} 13. Nxe6 $1 $18) 13... Kxh7 14. Nxe6 $18) 13. Be2 Rf7 14. f4 Qc7 15. O-O $18 {steht Schwarz miserabel.}) ({oder} 10... d6 11. Nb3 d5 12. cxd5 exd5 13. e5 Nd7 14. f4 O-O 15. Bd3 $18 {und auch hier ist der deutliche Vorteil von Weiss nicht zu leugnen.}) 11. Nc2 O-O 12. Ne3 $18 {und alle Trümpfe liegen in weisser Hand.}) 8... Kf8 {Noch am besten. Aber wenn Schwarz zu solchen Massnahmen greifen muss, ist seine Stellung schon nicht mehr in Ordnung. Weshalb die meisten Engines den Königszug als erste Wahl sehen, verstehe ich nicht. Und bei der Analyse der normal(er) wirkenden kurzen Rochade bestätigt sich mein Eindruck, dass 8...0-0 zumindest für unsere Oldies die angenehmere Wahl wäre. Übrigens sieht sich Scorpio 68000 sel. 4 nur mit -00.15 negativ.} ({oder} 8... O-O 9. Ba3 Re8 10. Bd3 d5 11. Nd6 dxc4 12. Nxe8 cxd3 13. Nxf6+ gxf6 14. O-O e5 15. Qf3 Be6 16. e4 Bc4 17. Rfb1 b6 $13 {unklar}) 9. Be2 Kg8 10. O-O b6 11. Bf3 Bb7 12. Nd6 Qc7 13. Ba3 Ba6 {Eine plausiblere Verteidigungsstrategie bestand in 13...Se8. Nach dem Textzug kann Weiss seinen Vorteil vergrössern.} (13... Ne8 14. Nxb7 Qxb7 15. c5 Qc7 16. Rb1 $16) 14. Qa4 {Jetzt zeigt sich, dass 13...La6 ein verlorener Zug war.} Bb7 15. Rfb1 {Wenn schon ein Turm nach b1, was nicht schlecht ist, dann sinnvoller 15.Tab1, damit später noch Tfd1 möglich wird. Andererseits würde man am ehesten an sofort 15.Tfd1 denken.} h6 16. c5 {Auch 16.Td1 oder 16.Sxb7 kamen in Frage.} Rb8 17. Rb2 Ra8 {Aus seinen beiden letzten Turmzügen spricht Hilflosigkeit.} 18. Rab1 $18 {[%mdl 32768] [#] Schwarz ***VERLIERT*** Aus Sicht der übermächtigen Engines hat sich die weisse Stellung aufgrund der diversen Ungenauigkeiten des Gegners in der Zwischenzeit derart verbessert, dass es für Schwarz keine Rettung mehr gibt. Bewertung: +- 3.72(100%)42.} Rh7 $6 {Nichts kann die schwarze Hilflosigkeit besser unterstreichen als dieser seltsame Turmzug. Aber aufgrund der Engine ist Schwarz auf jeden Fall verloren, wie seine beiden "Bestzüge" zeigen:} (18... h5 19. Qd1 Bc8 20. c4 Ng4 21. h3 Nge5 22. Be2 Ba6 23. f4 Ng6 24. cxb6 {+- 3.90(100%)47}) (18... Ne8 19. Qd1 Nxd6 20. cxb6 axb6 21. Bxd6 Qd8 22. Rxb6 Bc8 23. Qc2 {+- 4.14(100%)47}) 19. Qc2 Nd8 $2 {Verschlimmert die Lage noch mehr. Aber ob man so oder anders verliert, spielt keine grosse Rolle.} 20. Nxb7 Nxb7 21. cxb6 axb6 22. Rxb6 Qe5 ({oder} 22... Rxa3 23. Rxb7 Qxb7 (23... Qc8 24. Rb8 $18) 24. Rxb7 $18) 23. Rxb7 d5 (23... Rxa3 $2 24. Rb8+ Qxb8 25. Rxb8+ Ne8 26. Rxe8#) 24. c4 dxc4 25. Bb2 Qa5 26. Qxc4 {Mit weissem Plus von Leichtfigur + Bauer, der schwachen Grundlinie des Gegners und dem völlig abseits stehenden Turm auf h7, spielt sich der Rest für Weiss wie von selbst.} Rd8 27. Qf4 Qf5 28. Qxf5 exf5 29. Rd1 Ra8 30. Ra7 Rb8 31. a4 Ne4 (31... Rxb2 $2 32. Ra8+ Rb8 33. Rxb8+ Ne8 34. Rxe8#) 32. Rb7 Ra8 33. a5 Re8 34. a6 Ra8 35. a7 Rh8 36. Rdd7 Rxa7 37. Rxa7 Ng5 {***AUFGEGEBEN***} 1-0